Цикличность новейших субаэральных отложений: научные и прикладные аспекты проблемы: сборник статей

Podrobná bibliografie
Korporativní autor: Академия наук СССР (АН СССР) Сибирское отделение (СО) Институт геологии и геофизики (ИГиГ)
Další autoři: Волков И. А. Игорь Александрович (редактор)
Jazyk:ruština
Vydáno: Новосибирск, Наука, 1987
Témata:
Médium: MixedMaterials Kniha
KOHA link:https://koha.lib.tpu.ru/cgi-bin/koha/opac-detail.pl?biblionumber=273235

MARC

LEADER 00000nam0a2200000 4500
001 273235
005 20231101234618.0
020 |a RU  |b 87-74055 
035 |a (RuTPU)RU\TPU\book\296444 
090 |a 273235 
100 |a 20141024d1987 k y0rusy5003 ca 
101 0 |a rus 
102 |a RU 
105 |a y z 001zy 
200 1 |a Цикличность новейших субаэральных отложений: научные и прикладные аспекты проблемы  |e сборник статей  |f Академия наук СССР (АН СССР), Сибирское отделение (СО), Институт геологии и геофизики (ИГиГ) ; под ред. И. А. Волкова 
210 |a Новосибирск  |c Наука  |d 1987 
215 |a 142 с.  |c ил. 
320 |a Библиогр. в конце ст. 
606 1 |a Осадконакопление  |2 stltpush  |3 (RuTPU)RU\TPU\subj\47518  |9 66445 
610 1 |a цикличность 
610 1 |a субаэральные структуры 
610 1 |a толщи 
610 1 |a Русская равнина 
675 |a 551.3.051  |v 3 
702 1 |a Волков  |b И. А.  |g Игорь Александрович  |4 340 
712 0 2 |a Академия наук СССР (АН СССР)  |b Сибирское отделение (СО)  |b Институт геологии и геофизики (ИГиГ)  |c (Новосибирск)  |2 stltpush  |3 (RuTPU)RU\TPU\col\128 
801 0 |a RU  |b RuMRKP  |c 19960705  |g psbo 
801 1 |a RU  |b 63413507  |c 20141024 
801 2 |a RU  |b 63413507  |c 20170111  |g RCR 
942 |c BK